| 000 | 00392 a2200157 4500 | ||
|---|---|---|---|
| 999 |
_c487694 _d487694 |
||
| 003 | NUST | ||
| 020 | _a9780857384911 | ||
| 040 |
_aDLC _cDLC |
||
| 082 |
_a364.1523 _bIGN |
||
| 100 |
_aIgnatius, David _922968 |
||
| 245 |
_aBlood money _cDavid Ignatius |
||
| 260 |
_aLondon _bQuercus _c2011 |
||
| 300 | _a498 p. | ||
| 650 |
_a Central Intelligence Agency--Retribution _922969 |
||
| 942 |
_cBK _2ddc |
||